000 00525nam a2200229Ia 4500
005 20250425161751.0
008 250425s9999 xx 000 0 und d
020 _a8426701744
041 _aspa
082 _a621.384165
100 _aSANDS, LEO G.
245 0 _aEQUIPOS MOVILES DE RADIO
250 _a1A ED.
260 _aBARCELONA
260 _aEspaƱa
_bMARCOMBO BOIXAREU
_c1984
300 _a165
650 _aELECTRONICA
650 _aEQUIPOS MOVILES
650 _aRADIO
942 _c01
010 _a28235
999 _c215703
_d215703